Social media marketing / (Record no. 3371)

000 -LEADER
fixed length control field 01181cam a2200325 a 4500
001 - CONTROL NUMBER
control field 17014230
003 - CONTROL NUMBER IDENTIFIER
control field OSt
005 - DATE AND TIME OF LATEST TRANSACTION
control field 20180117090004.0
008 - FIXED-LENGTH DATA ELEMENTS--GENERAL INFORMATION
fixed length control field 111021s2013 mau b 001 0 eng
010 ## - LIBRARY OF CONGRESS CONTROL NUMBER
LC control number 2011043721
020 ## - INTERNATIONAL STANDARD BOOK NUMBER
International Standard Book Number 9780132551793 (pbk. : alk. paper)
040 ## - CATALOGING SOURCE
Original cataloging agency DLC
Transcribing agency DLC
Modifying agency DLC
042 ## - AUTHENTICATION CODE
Authentication code pcc
050 00 - LIBRARY OF CONGRESS CALL NUMBER
Classification number HF6146.I58
Item number T883 2013
082 00 - DEWEY DECIMAL CLASSIFICATION NUMBER
Classification number 658.8/72
Edition number 23
100 1# - MAIN ENTRY--PERSONAL NAME
Personal name Tuten, Tracy L.,
Dates associated with a name 1967-
245 10 - TITLE STATEMENT
Title Social media marketing /
Statement of responsibility, etc. Tracy Tuten, Michael Solomon.
260 ## - PUBLICATION, DISTRIBUTION, ETC.
Place of publication, distribution, etc. Boston :
Name of publisher, distributor, etc. Pearson,
Date of publication, distribution, etc. c2013.
300 ## - PHYSICAL DESCRIPTION
Extent xvii, 248 p. :
Other physical details col. ill. ;
Dimensions 24 cm.
504 ## - BIBLIOGRAPHY, ETC. NOTE
Bibliography, etc. note Includes bibliographical references and index.
650 #0 - SUBJECT ADDED ENTRY--TOPICAL TERM
Topical term or geographic name entry element Internet advertising.
650 #0 - SUBJECT ADDED ENTRY--TOPICAL TERM
Topical term or geographic name entry element Internet marketing.
650 #0 - SUBJECT ADDED ENTRY--TOPICAL TERM
Topical term or geographic name entry element Online social networks.
650 #0 - SUBJECT ADDED ENTRY--TOPICAL TERM
Topical term or geographic name entry element Social media.
700 1# - ADDED ENTRY--PERSONAL NAME
Personal name Solomon, Michael R.
906 ## - LOCAL DATA ELEMENT F, LDF (RLIN)
a 7
b cbc
c orignew
d 1
e ecip
f 20
g y-gencatlg
942 ## - ADDED ENTRY ELEMENTS (KOHA)
Source of classification or shelving scheme
Koha item type Book
Holdings
Withdrawn status Lost status Source of classification or shelving scheme Damaged status Not for loan Collection code Permanent Location Current Location Shelving location Date acquired Total Checkouts Full call number Barcode Date last seen Date last checked out Price effective from Koha item type
            Central Library (CL) Central Library (CL) General Stacks 06/03/2016 1 658.8/72 SOL S3H-S-426 03/22/2019 03/06/2019 06/03/2016 Book
© 2023 Central Library, National University of Sciences and Technology. All Rights Reserved.